Les Michel célèbres (par images) - Statistiques

Statistiques générales
  • Ce quiz a été pris 104 fois
  • Le résultat moyen est 9 sur 24
Statistiques - réponses
Par images Réponse % Correct
Michel Sardou
91%
Michel Platini
89%
Michel Colucci dit Coluche
88%
Michel Galabru
69%
Michel Delpech
64%
Saint Michel archange
61%
Michel Fugain
55%
Michel Serrault
55%
Michel Piccoli
51%
Michel Polnareff
44%
Michel Legrand
39%
Michel Simon
38%
Michel Audiard
37%
Michel Constantin
26%
Michel Jazy
24%
Michel Modo
20%
Michel Beaune
12%
Michel Droit
10%
Michel Déon
8%
Michel Magne
8%
Michel Pollentier
3%
Michel Vergé-Franceschi
2%
Michel Antoine
1%
Michel Colombier
1%
Aucun quiz correspondant
Distribution des résultats
% des personnes avec chaque résultat
Percentile par nombre de réponses
Votre historique - résultats
Vous n’avez pas pris ce quiz